Statistiken für Alle Ausfahrten der Inntal-Autobahn (A12)

Klicken Sie hier um das Quiz zu spielen!

Allgemein

  • Dieses Quiz wurde 47 mal gespielt
  • Das Durchschnittsergebnis liegt bei 22 aus 31

Antwortstatistiken

kmBz.Ausfahrt% Korrekt
74,8IInnsbruck-Amras
96%
75,3IInnsbruck-Mitte
96%
73,2IInnsbruck-Ost
96%
78,6IInnsbruck-West
96%
77,6IInnsbruck-Wilten
96%
1,5KUKufstein-Nord
96%
5,7KUKufstein-Süd
96%
67,7ILHall-Mitte
82%
70,2ILHall-West
82%
133,1IMImst-Au
82%
131,5IMImst / Pitztal
82%
49,0SZSchwaz
82%
16,7KUWörgl-Ost
82%
19,6KUWörgl-West
82%
42,4SZJenbach
75%
145,5LAZams / Landeck-Ost
75%
123,2IMHaiming / Ötztal
68%
82,7ILKranebitten / Flughafen Innsbruck
68%
101,7ILTelfs-Ost
68%
104,5ILTelfs-West
68%
87,6ILZirl-Ost
68%
90,2ILZirl-West
68%
60,5ILWattens
64%
39,5SZWiesing
61%
52,7SZVomp
54%
11,3KUKirchbichl
50%
113,0IMMötz / Fernpass
50%
31,9KUKramsach
46%
135,5IMMils
46%
140,2LASchönwies
46%
144,2LAOberinntal
18%

Verteilung der Resultate

Perzentil nach korrekt beantworteten Fragen

Anzahl Personen mit jedem Resultat

Ihre Resultats-Entwicklung

Sie haben dieses Quiz noch nicht gespielt